000 00640nam a2200193 a 4500
001 000016295
005 20200929164346.0
008 100303s1999 dr c 001 0 spa d
040 _aDO-SdBNP
_bspa
_cBNPHU
082 _a460.09
_bP849o
100 1 _aPortes Bautista, Francisco
_918706
245 1 0 _aOrigen y estructura del idioma español /
_cFrancisco Portes Bautista.
260 _aSanto Domingo,
_c1999
_bEl Gran Poder.
300 _a132 p. :
_bretrs. ;
_c22 cm.
500 _aIncluye notas al pie de páginas
504 _aIncluye bibliografías [p.128-132]
650 4 _aEspañol
_xHistoria
_93903
650 4 _aPoetas españoles
_936384
999 _c15830
_d15830